000
00293nam a22001097a 4500
082
_a
621.3192 BRA'P
100
_a
BRAMELLER, A,JOHN, M. N,SCOTT, M. R
_9
78540
245
_a
PRACTICAL DIAKOPTICS FOR ELECTRICAL NETWORKS
260
_a
LONDON
_b
CHAPMAN & HALL
_c
1969
300
_a
242P
942
_c
BK
999
_c
583649
_d
583649